Statistiques concernant Paroles : Dynamite - BTS

Cliquez ici pour prendre le quiz!

Statistiques générales

  • Ce quiz a été pris 165 fois
  • Le résultat moyen est 258 sur 423

Statistiques - réponses

Answers% Correct
I
96%
a
93%
the
89%
to
88%
'Cause
85%
in
85%
and
84%
stars
84%
me
81%
I'm
80%
So
80%
so
80%
up
80%
night
79%
roll
78%
on
77%
tonight
77%
Bring
76%
bring
76%
dynamite
75%
fire
75%
like
75%
rock
75%
you
74%
watch
73%
get
70%
set
70%
Shoes
70%
is
68%
let's
68%
Let's
68%
go
66%
of
66%
this
66%
This
66%
Cup
65%
ping
63%
pong
63%
alight
62%
milk
62%
Ding
59%
light
59%
Light
59%
dong
58%
King
58%
city
57%
Disco
57%
Kong
57%
life
57%
Life
57%
my
57%
Stone
57%
te
56%
call
55%
funk
55%
glow
55%
heavy
55%
know
55%
phone
55%
Rolling
55%
rolling
55%
morn'
54%
Shining
54%
with
54%
Ice
53%
LeBron
53%
ready
53%
getting
52%
it
52%
little
51%
tea
51%
Can
50%
hear
50%
soul
49%
diamond
48%
drum
48%
game
48%
money
48%
sweet
48%
honey
47%
overload
46%
song
46%
through
46%
as
45%
good
45%
boom
44%
when
44%
Sing
43%
bass
42%
beat
41%
kick
41%
top
41%
into
40%
that
40%
friend
39%
Jump
39%
Ladies
39%
Yeah
38%
gentlemen
37%
walking
37%
we
36%
home
35%
dance
33%
Hey
32%
got
31%
join
31%
keep
31%
come
29%
eyes
29%
break
28%
cha-ching
28%
crowd
28%
talk
28%
along
27%
move
27%
your
27%
ball
26%
Day
26%
Just
26%
I'ma
25%
na-na
24%
or
23%
should
23%
medecine
21%
wall
21%
Word
21%
Whoever
20%
Dy-na-na-na
19%
off
19%
wanna
19%
dawn
18%
sky's
18%
na-na-na
16%
eh
12%
ah-ah
7%

Distribution des résultats

Percentile par nombre de réponses

% des personnes avec chaque résultat

Votre développement - résultats

Vous n’avez pas pris ce quiz